[Event "?"]
[Site "?"]
[Date "2011.06.03"]
[Round "3.3"]
[White "Ikonnikov, Viacheslav"]
[Black "Vaysberg, Alexander"]
[Result "1-0"]
[WhiteElo "2557"]
[BlackElo "2203"]
[PlyCount "111"]
[EventDate "2011.??.??"]
[WhiteTeam "SK 1879 HD-Handschuhsheim"]
[BlackTeam "SC Gross-Sachsenheim"]

1. d4 d5 2. Nf3 Nf6 3. c4 c6 4. Nc3 e6 5. Bg5 Nbd7 6. cxd5 exd5 7. Qc2 h6 8.
Bh4 Bb4 9. e3 O-O 10. Bd3 Re8 11. O-O Be7 12. Bg3 Nh5 13. Nxd5 Nxg3 14. Nxe7+
Qxe7 15. hxg3 Nf6 16. Rab1 Be6 17. b4 Rac8 18. a4 Bd5 19. Rfe1 b6 20. Bf5 Be6
21. Bxe6 Qxe6 22. e4 Qg4 23. e5 Nd5 24. Qb3 Red8 25. Rbc1 Qd7 26. Rc4 Ne7 27.
Rec1 Qe6 28. Qc3 Qd7 29. Qb2 Qd5 30. b5 Rc7 31. Qa3 Rdc8 32. Qd6 c5 33. dxc5
bxc5 34. Nd2 Rd7 35. Qxd5 Rxd5 36. Nb3 Rxe5 37. Rxc5 Rexc5 38. Rxc5 Kf8 39. Kf1
Rxc5 40. Nxc5 Nd5 41. Ke2 Ke7 42. Kd3 f5 43. Kd4 Nb6 44. a5 Nc8 45. Kd5 g5 46.
Kc6 h5 47. Kb7 Nd6+ 48. Kxa7 Nxb5+ 49. Kb6 Nd6 50. a6 Nc8+ 51. Kb7 Nd6+ 52. Kc6
Nc8 53. f4 gxf4 54. gxf4 h4 55. Nb3 Kf6 56. Nd4 1-0

[Event "?"]
[Site "?"]
[Date "2011.06.03"]
[Round "3.4"]
[White "Neyman, Igor"]
[Black "Teske, Henrik"]
[Result "1/2-1/2"]
[WhiteElo "2262"]
[BlackElo "2534"]
[PlyCount "24"]
[EventDate "2011.??.??"]
[WhiteTeam "SGem Vaihingen-Rohr"]
[BlackTeam "SC 1950 Remagen"]

1. d4 Nf6 2. c4 e6 3. Nc3 Bb4 4. e3 b6 5. Nge2 O-O 6. a3 Be7 7. d5 a5 8. g3 Na6
9. Bg2 Bb7 10. O-O Qb8 11. e4 c6 12. h3 cxd5 1/2-1/2

[Event "?"]
[Site "?"]
[Date "2011.06.03"]
[Round "3.5"]
[White "Lobzhanidze, Davit"]
[Black "Melzner, Lukas"]
[Result "1-0"]
[WhiteElo "2474"]
[BlackElo "2183"]
[PlyCount "105"]
[EventDate "2011.??.??"]
[WhiteTeam "SV 1920 Hofheim"]
[BlackTeam "SK Klosterlechfeld"]

1. e4 e6 2. d3 d5 3. Qe2 dxe4 4. dxe4 b6 5. Nf3 Ba6 6. Qd2 Qxd2+ 7. Bxd2 Nf6 8.
Nc3 Bb4 9. Nb5 Bxd2+ 10. Nxd2 Bxb5 11. Bxb5+ Ke7 12. f3 Rd8 13. O-O-O a6 14.
Be2 Nc6 15. c3 Na5 16. Rhe1 b5 17. b4 Nb7 18. Nb3 Rxd1+ 19. Rxd1 e5 20. c4 a5
21. cxb5 axb4 22. Kb2 Na5 23. Nxa5 Rxa5 24. Rc1 Ne8 25. Rc2 Ra3 26. Rc4 Re3 27.
Bd1 Re1 28. Ba4 Rh1 29. h3 Kd8 30. Rxb4 Rh2 31. b6 Rxg2+ 32. Kb3 cxb6 33. Rxb6
Nc7 34. Rd6+ Kc8 35. Bd7+ Kb7 36. Bc6+ Ka7 37. Bd7 Rg6 38. Rxg6 hxg6 39. h4 Kb6
40. Kc4 f6 41. a3 Na6 42. Kd5 Nc5 43. Be8 Nd3 44. Ke6 Ne1 45. Bxg6 Nxf3 46. h5
Nd4+ 47. Kf7 f5 48. exf5 e4 49. f6 e3 50. fxg7 e2 51. g8=Q e1=Q 52. Qd8+ Kc5
53. Qe7+ 1-0

[Event "?"]
[Site "?"]
[Date "2011.06.03"]
[Round "3.6"]
[White "Maisch, Julian"]
[Black "Dobosz, Henryk"]
[Result "0-1"]
[WhiteElo "1913"]
[BlackElo "2396"]
[PlyCount "110"]
[EventDate "2011.??.??"]
[WhiteTeam "SF 59 Kornwestheim"]
[BlackTeam "BG Buchen"]

1. e4 c5 2. Nf3 d6 3. d4 cxd4 4. Nxd4 Nf6 5. Nc3 a6 6. Be2 e5 7. Nf3 h6 8. O-O
Be6 9. Be3 Nbd7 10. h3 Rc8 11. Qd2 Be7 12. Rfd1 O-O 13. Bd3 Re8 14. Rac1 Bf8
15. a3 Qc7 16. Nh2 Nb6 17. Nf1 Nc4 18. Bxc4 Bxc4 19. Ng3 d5 20. Nxd5 Nxd5 21.
exd5 Red8 22. Qc3 Rxd5 23. Rxd5 Bxd5 24. Qxc7 Rxc7 25. Rd1 Be6 26. c3 f5 27.
Bb6 Rc6 28. Ba5 Bd6 29. Bb4 Bc7 30. a4 a5 31. Be7 b6 32. Rd2 Kf7 33. Ba3 g6 34.
Nf1 f4 35. Nh2 e4 36. Rd4 Rc4 37. Rxc4 Bxc4 38. Nf1 Bd3 39. b4 Bc2 40. Nd2 Ke6
41. Nc4 Bxa4 42. bxa5 bxa5 43. Bc1 g5 44. Bd2 Bb3 45. Na3 a4 46. Bc1 Kd5 47.
Kf1 h5 48. Ke1 h4 49. Bd2 Bd6 50. Bc1 Bc5 51. Ke2 Bc4+ 52. Ke1 Bd3 53. Bb2 f3
54. gxf3 exf3 55. Bc1 g4 0-1

[Event "?"]
[Site "?"]
[Date "2011.06.03"]
[Round "3.7"]
[White "Reich, Thomas"]
[Black "Imhof, Thomas"]
[Result "1-0"]
[WhiteElo "2381"]
[BlackElo "2082"]
[PlyCount "97"]
[EventDate "2011.??.??"]
[WhiteTeam "FC Bayern München e.V."]
[BlackTeam "SGem Vaihingen-Rohr"]

1. e4 c5 2. c3 d5 3. exd5 Qxd5 4. d4 Nf6 5. Nf3 Bg4 6. Be2 Nc6 7. O-O e6 8. h3
Bh5 9. c4 Qd7 10. dxc5 Qxd1 11. Rxd1 Bxc5 12. Nc3 O-O 13. a3 a5 14. Be3 Bxe3
15. fxe3 Rad8 16. Kf2 Bg6 17. Nd4 e5 18. Nxc6 bxc6 19. b4 Ne4+ 20. Nxe4 Bxe4
21. b5 cxb5 22. cxb5 a4 23. Rxd8 Rxd8 24. Rc1 f5 25. Rc4 Ra8 26. Bd1 Bd3 27.
Rxa4 Rb8 28. Rb4 Rxb5 29. Rxb5 Bxb5 30. e4 fxe4 31. a4 Bc6 32. a5 Kf7 33. a6
Ke6 34. Ke3 Kd6 35. Bc2 Kc7 36. Bxe4 Bxe4 37. Kxe4 Kb6 38. Kxe5 Kxa6 39. Ke6
Kb5 40. Kf7 g5 41. Kf6 g4 42. hxg4 Kc4 43. g5 Kd4 44. g4 Ke4 45. g6 hxg6 46.
Kxg6 Ke5 47. g5 Ke6 48. Kh7 Kf5 49. g6 1-0

[Event "?"]
[Site "?"]
[Date "2011.06.03"]
[Round "3.8"]
[White "Schulte, Torsten"]
[Black "Strunski, Andreas"]
[Result "1-0"]
[WhiteElo "2146"]
[BlackElo "2347"]
[PlyCount "87"]
[EventDate "2011.??.??"]
[WhiteTeam "SC Eppingen"]
[BlackTeam "Stuttgarter SF 1879"]

1. d4 Nf6 2. c4 g6 3. Nc3 Bg7 4. g3 c6 5. Bg2 d5 6. cxd5 cxd5 7. Nf3 Ne4 8. Bf4
Nc6 9. O-O O-O 10. Ne5 Nxc3 11. bxc3 Qa5 12. Qb3 Nxe5 13. Bxe5 Bxe5 14. dxe5 e6
15. Rac1 Rd8 16. f4 Bd7 17. c4 Qc5+ 18. Kh1 d4 19. Qxb7 Rab8 20. Qe4 Rb2 21.
Rc2 Bc6 22. Qd3 Rdb8 23. Bxc6 Qxc6+ 24. Kg1 Qc5 25. Kg2 h5 26. Rd1 Rxc2 27.
Qxc2 Rb4 28. Rc1 a5 29. Qd3 a4 30. Rc2 Kg7 31. Kf3 Rb1 32. Ke4 Qc6+ 33. Kxd4
Rd1 34. Rd2 Rc1 35. Ke3 Rxc4 36. Qd8 Qc5+ 37. Kf3 Qc6+ 38. Kf2 Qc5+ 39. Kg2
Qc6+ 40. Kh3 Qc7 41. Qf6+ Kh7 42. Rd8 Qxd8 43. Qxd8 Rc2 44. Qe8 1-0

[Event "?"]
[Site "?"]
[Date "2011.06.03"]
[Round "3.9"]
[White "Bodrozic, Tomislav"]
[Black "Holzhäuer, Mathias"]
[Result "1-0"]
[WhiteElo "2104"]
[BlackElo "2297"]
[PlyCount "77"]
[EventDate "2011.??.??"]
[WhiteTeam "SF Birkenfeld"]
[BlackTeam "SK Schmiden/Cannstatt"]

1. e4 d5 2. exd5 Nf6 3. d4 Bg4 4. Be2 Bxe2 5. Qxe2 Qxd5 6. Nf3 e6 7. O-O Bd6 8.
c4 Qh5 9. Nc3 Nc6 10. Rd1 g5 11. Bxg5 Bxh2+ 12. Nxh2 Qxg5 13. d5 Ne5 14. dxe6
fxe6 15. Rd4 Qf5 16. Re1 Nfd7 17. f4 Nc6 18. Rd5 Nde5 19. Rxe5 Nxe5 20. Qxe5
O-O 21. Qxf5 exf5 22. Nf3 Rad8 23. Kf2 c6 24. Re5 Kg7 25. Ne2 Rd1 26. Ned4 Rf7
27. Nxf5+ Kf8 28. g4 Rfd7 29. Re2 Rc1 30. Ne3 a5 31. f5 a4 32. a3 Rd3 33. Ne5
Rd4 34. Kf3 Rg1 35. f6 Rd6 36. Nf5 Rf1+ 37. Kg3 Re6 38. Nd7+ Kf7 39. Nh6+ 1-0

[Event "?"]
[Site "?"]
[Date "2011.06.03"]
[Round "3.10"]
[White "Arounopoulos, Stephan"]
[Black "Günthner, Oliver"]
[Result "1/2-1/2"]
[WhiteElo "2098"]
[BlackElo "2276"]
[PlyCount "54"]
[EventDate "2011.??.??"]
[WhiteTeam "SK e4 Gerlingen"]
[BlackTeam "SK Neuhausen"]

1. d4 d5 2. Nf3 Nf6 3. c4 c6 4. Nc3 g6 5. cxd5 cxd5 6. Bf4 a6 7. e3 Bg7 8. h3
O-O 9. Be2 Nc6 10. Ne5 Nxe5 11. Bxe5 b5 12. Bf3 e6 13. O-O Qe7 14. Rc1 Ra7 15.
Ne2 Nd7 16. Bxg7 Kxg7 17. Nf4 a5 18. Be2 Ba6 19. Qd2 b4 20. Bxa6 Rxa6 21. Rc7
Qd6 22. Rfc1 Rb8 23. Nd3 Rf8 24. Qe2 Rfa8 25. Qf3 R8a7 26. Rc8 Ra8 27. R8c7
R8a7 1/2-1/2

[Event "?"]
[Site "?"]
[Date "2011.06.03"]
[Round "3.11"]
[White "Kvetny, Mark"]
[Black "Wagner, Florian"]
[Result "1/2-1/2"]
[WhiteElo "2071"]
[BlackElo "2249"]
[PlyCount "48"]
[EventDate "2011.??.??"]
[WhiteTeam "SV Altbach e.V."]
[BlackTeam "SC Noris-Tarrasch Nürnberg 1873"]

1. d4 g6 2. e4 Bg7 3. Nc3 d6 4. Be3 Nd7 5. Nf3 Ngf6 6. h3 e5 7. Be2 O-O 8. d5
a6 9. O-O b5 10. b4 Nb6 11. Nd2 Bd7 12. f3 c6 13. dxc6 Bxc6 14. a4 bxa4 15. Nc4
Nxc4 16. Bxc4 Qb8 17. Qd3 Rd8 18. Rfd1 Qb7 19. g4 Rab8 20. Bxa6 Qxb4 21. Rab1
Qa3 22. Ra1 Qb4 23. Rab1 Qa3 24. Ra1 Qb4 1/2-1/2

[Event "?"]
[Site "?"]
[Date "2011.06.03"]
[Round "3.12"]
[White "Schuh, Karsten"]
[Black "Jüttner, Andreas"]
[Result "1/2-1/2"]
[WhiteElo "2249"]
[BlackElo "2096"]
[PlyCount "56"]
[EventDate "2011.??.??"]
[WhiteTeam "SC Böblingen 1975 e.V."]
[BlackTeam "FC Bayern München e.V."]

1. c4 c6 2. Nc3 d5 3. d4 Nf6 4. Nf3 dxc4 5. a4 Bf5 6. Ne5 Nbd7 7. Nxc4 Qc7 8.
g3 e5 9. dxe5 Nxe5 10. Bf4 Nfd7 11. Bg2 f6 12. Bxe5 fxe5 13. O-O Bc5 14. Ne4
Bxe4 15. Bxe4 O-O 16. Qb3 Kh8 17. Bg2 Nf6 18. Qc2 Rad8 19. e3 Bb4 20. Qb3 a5
21. Rac1 Qf7 22. Qc2 Qe6 23. h3 Rd7 24. Rcd1 Rfd8 25. Rxd7 Rxd7 26. Rc1 e4 27.
Bf1 h6 28. Rd1 Rxd1 1/2-1/2

[Event "?"]
[Site "?"]
[Date "2011.06.03"]
[Round "3.13"]
[White "Zikeli, Saskia"]
[Black "Häcker, Alexander"]
[Result "0-1"]
[WhiteElo "2093"]
[BlackElo "2249"]
[PlyCount "162"]
[EventDate "2011.??.??"]
[WhiteTeam "SC Ingersheim e.V."]
[BlackTeam "SV Stuttgart-Wolfbusch 1956 e.V."]

1. c4 c6 2. Nf3 d5 3. b3 Nf6 4. Bb2 Bg4 5. Ne5 Bh5 6. g3 e6 7. Bg2 Nbd7 8. Nxd7
Qxd7 9. O-O Bd6 10. d4 O-O 11. Nd2 Rfe8 12. Nf3 Qe7 13. Ne5 Rad8 14. Qc2 Nd7
15. Nxd7 Rxd7 16. e4 Bg6 17. Qe2 dxe4 18. Bxe4 Bxe4 19. Qxe4 Ba3 20. Bxa3 Qxa3
21. Rfd1 Red8 22. Rd2 a5 23. Rad1 a4 24. Qc2 axb3 25. axb3 Qb4 26. Rd3 h6 27.
Qd2 Qxd2 28. R3xd2 e5 29. d5 cxd5 30. cxd5 Kf8 31. Kf1 Ke7 32. Ke2 Rc8 33. Ke3
Rc3+ 34. Rd3 Rxd3+ 35. Rxd3 f5 36. Rc3 Rxd5 37. Rc7+ Rd7 38. Rc5 Kd6 39. Rb5
Re7 40. b4 Kc6 41. Rc5+ Kd6 42. Rb5 Ke6 43. Kd3 Rd7+ 44. Ke3 Kf6 45. Rb6+ Kg5
46. f3 Re7 47. h4+ Kh5 48. Rb5 g6 49. Rd5 Re6 50. Rb5 b6 51. Rd5 g5 52. hxg5
hxg5 53. Rd8 f4+ 54. gxf4 exf4+ 55. Kf2 Rc6 56. Rh8+ Kg6 57. Rg8+ Kf6 58. Rf8+
Kg7 59. Rf5 Kg6 60. Rb5 Kh5 61. Ke2 Rd6 62. Rf5 Kh4 63. Rb5 Re6+ 64. Kf2 Rc6
65. Rf5 Rc2+ 66. Ke1 Rb2 67. b5 Kg3 68. Rxg5+ Kxf3 69. Rf5 Rb1+ 70. Kd2 Kg3 71.
Kc2 Rb4 72. Kc3 Re4 73. Rf6 f3 74. Kd3 Rf4 75. Rg6+ Kh2 76. Ke3 f2 77. Rh6+ Kg3
78. Rg6+ Kh4 79. Rh6+ Kg5 80. Rh1 f1=Q 81. Rxf1 Rxf1 0-1

[Event "?"]
[Site "?"]
[Date "2011.06.03"]
[Round "3.14"]
[White "Dudek, Richard"]
[Black "Keller, Harald"]
[Result "1-0"]
[WhiteElo "2238"]
[BlackElo "2071"]
[PlyCount "53"]
[EventDate "2011.??.??"]
[WhiteTeam "SC Eppingen"]
[BlackTeam "SV Rottweil"]

1. e4 Nf6 2. e5 Nd5 3. d4 d6 4. Nf3 g6 5. c4 Nb6 6. Be2 Bg7 7. O-O O-O 8. exd6
cxd6 9. Nc3 Bg4 10. Be3 Nc6 11. b3 e6 12. Qd2 f6 13. h3 Bxf3 14. Bxf3 a5 15. d5
exd5 16. Bxd5+ Kh8 17. Rad1 f5 18. Nb5 Nxd5 19. Qxd5 Nb4 20. Qxb7 Rb8 21. Qf3
Nxa2 22. Rxd6 Qh4 23. Rfd1 a4 24. Bd4 axb3 25. Qxb3 Ra8 26. Nc7 Bxd4 27. R6xd4
1-0

[Event "?"]
[Site "?"]
[Date "2011.06.03"]
[Round "3.15"]
[White "Aring, Gerd"]
[Black "Andraschko, Felix"]
[Result "1-0"]
[WhiteElo "2205"]
[BlackElo "2071"]
[PlyCount "79"]
[EventDate "2011.??.??"]

1. d4 d5 2. c4 e6 3. Nf3 Nf6 4. Nc3 Bb4 5. cxd5 exd5 6. Bg5 Nbd7 7. Qb3 c5 8.
dxc5 Qa5 9. Bxf6 Nxf6 10. e3 Ne4 11. Rc1 O-O 12. a3 Bxc3+ 13. bxc3 Nxc5 14. Qb4
Qc7 15. Nd4 a5 16. Qb2 Bg4 17. Bb5 Rfd8 18. O-O Rd6 19. Be2 Rh6 20. g3 Bxe2 21.
Qxe2 Qd7 22. Qf3 Rf6 23. Qg2 Ne4 24. Rc2 Nc5 25. c4 dxc4 26. Rxc4 Rc8 27. Rfc1
b6 28. Qf1 Re8 29. Qe2 h6 30. f3 Rd6 31. R1c2 Rd8 32. Kg2 Ne6 33. Rd2 Ng5 34.
g4 Ne6 35. Qd3 Nxd4 36. Rxd4 Rxd4 37. exd4 Qd5 38. Rb2 Qxd4 39. Qxd4 Rxd4 40.
Rxb6 {Schwarz ueberschritt die Bedenkzeit (ZUe)} 1-0

[Event "?"]
[Site "?"]
[Date "2011.06.03"]
[Round "3.16"]
[White "Szenetra, Werner"]
[Black "Pfeifer, Wilfried"]
[Result "1/2-1/2"]
[WhiteElo "2187"]
[BlackElo "2040"]
[PlyCount "28"]
[EventDate "2011.??.??"]
[WhiteTeam "SC Rastatt"]
[BlackTeam "TSF Ditzingen"]

1. e4 c6 2. d3 d5 3. Nd2 e5 4. Ngf3 Bd6 5. g3 Nf6 6. Bg2 O-O 7. O-O Bg4 8. h3
Bh5 9. g4 Bg6 10. Nh4 Bc7 11. Re1 a5 12. Nf5 Na6 13. Qe2 Nc5 14. Nf1 Ne6
1/2-1/2

[Event "?"]
[Site "?"]
[Date "2011.06.03"]
[Round "3.17"]
[White "Gheng, Simona"]
[Black "Schiff, Armin"]
[Result "0-1"]
[WhiteElo "2052"]
[BlackElo "2160"]
[PlyCount "86"]
[EventDate "2011.??.??"]

1. e4 e5 2. Nf3 d6 3. Bc4 Be7 4. d4 exd4 5. Nxd4 Nf6 6. Nc3 O-O 7. O-O c6 8.
Bb3 Na6 9. Qf3 Bg4 10. Qg3 Nc5 11. f3 Bd7 12. Rd1 Nxb3 13. axb3 Ne8 14. f4 Qc7
15. f5 Bf6 16. Nf3 Be5 17. Nxe5 dxe5 18. Be3 b6 19. Kh1 Rb8 20. Rd3 f6 21. Rad1
Rf7 22. Qf2 Bc8 23. Ra1 Kf8 24. b4 Rd7 25. Rxd7 Bxd7 26. b5 Nd6 27. bxc6 Bxc6
28. Nd5 Qf7 29. Bc5 bxc5 30. Qxc5 Rd8 31. Qxc6 Nxe4 32. Nc7 Ng5 33. Kg1 Qd7 34.
Qc5+ Kg8 35. h4 Ne4 36. Qc4+ Kh8 37. Ne6 Nd2 38. Qg4 Rc8 39. c3 Rc4 40. Qh5 e4
41. Rxa7 Qd4+ 42. Kh2 Nf1+ 43. Kh3 Qe3+ 0-1

[Event "?"]
[Site "?"]
[Date "2011.06.03"]
[Round "3.18"]
[White "Haag, Ulrich"]
[Black "Jehle, Anja"]
[Result "1/2-1/2"]
[WhiteElo "2155"]
[BlackElo "1934"]
[PlyCount "134"]
[EventDate "2011.??.??"]

1. d4 Nf6 2. c4 g6 3. Nc3 Bg7 4. e4 d6 5. f3 e5 6. dxe5 dxe5 7. Qxd8+ Kxd8 8.
Bg5 Be6 9. O-O-O+ Kc8 10. Nd5 Bxd5 11. cxd5 c6 12. dxc6 Nxc6 13. Bc4 Rf8 14.
Ne2 h6 15. Be3 Na5 16. Bb5 Rd8 17. Bd2 Nc6 18. Bc3 Ne8 19. Bc4 Nd6 20. Bd5 Nb5
21. Bxf7 g5 22. Bd5 Nxc3 23. Nxc3 Nd4 24. h3 Kb8 25. Kb1 Rc8 26. Rc1 Bf8 27.
Na4 Ne2 28. Rxc8+ Kxc8 29. Re1 Nf4 30. Rc1+ Kd8 31. Rd1 Kc7 32. Rd2 Rd8 33. a3
a6 34. Rc2+ Kb8 35. Nb6 Ka7 36. Nc4 Nxd5 37. exd5 Rxd5 38. Re2 Bg7 39. Ne3 Rc5
40. Nf5 Bf8 41. Rd2 Rc6 42. Rd8 Rf6 43. g4 h5 44. Re8 hxg4 45. hxg4 Bc5 46.
Rxe5 Bb6 47. Re7 Rg6 48. Rh7 Re6 49. Rf7 Bc5 50. Kc2 Re2+ 51. Kc3 Rf2 52. Ng3
Bd6 53. Ne4 Be5+ 54. Kc4 Rc2+ 55. Kd3 Rxb2 56. Nxg5 Bd6 57. a4 Ra2 58. Ne6 Kb6
59. g5 Rxa4 60. g6 Ra2 61. f4 Rg2 62. f5 a5 63. g7 Be5 64. f6 a4 65. Nd8 a3 66.
Rxb7+ Ka6 67. Rb3 Bxf6 1/2-1/2

[Event "?"]
[Site "?"]
[Date "2011.06.03"]
[Round "3.19"]
[White "Nabavi, Parwis"]
[Black "Sieweck, Philipp"]
[Result "1-0"]
[WhiteElo "2226"]
[BlackElo "1938"]
[PlyCount "107"]
[EventDate "2011.??.??"]

1. d4 Nf6 2. c4 g6 3. Nc3 Bg7 4. e4 d6 5. Nf3 O-O 6. Be2 e5 7. O-O Nc6 8. d5
Ne7 9. Nd2 Ne8 10. b4 f5 11. f3 f4 12. c5 g5 13. Nc4 Ng6 14. Bd2 Rf6 15. Be1
Nh4 16. cxd6 cxd6 17. Rf2 Bd7 18. Rc1 Bh6 19. h3 Ng7 20. Na5 Qb6 21. Na4 Bxa4
22. Qxa4 g4 23. hxg4 Bg5 24. Qb5 Ng6 25. Qxb6 axb6 26. Nc4 Bh4 27. Rc2 b5 28.
Na5 b6 29. Nc6 Rff8 30. Rf1 Bxe1 31. Rxe1 Ra3 32. Bxb5 Rfa8 33. Ree2 Kf7 34.
Bc4 Nf8 35. Kf2 h5 36. gxh5 Nxh5 37. Re1 Ng3 38. Bb3 Kf6 39. Rec1 Nd7 40. Ke1
Rg8 41. Kd2 Kf7 42. Kc3 Raa8 43. a4 Rh8 44. Ra2 Rh1 45. Rxh1 Nxh1 46. Bc4 Ng3
47. Bd3 Nh5 48. Kb3 Nhf6 49. Bb5 Ne8 50. Nd4 Ndf6 51. Nf5 Ra7 52. Rc2 Kg6 53.
Bxe8+ Nxe8 54. Rc6 1-0

[Event "?"]
[Site "?"]
[Date "2011.06.03"]
[Round "3.20"]
[White "Pelezki, Eugen"]
[Black "Krockenberger, Martin"]
[Result "0-1"]
[WhiteElo "2016"]
[BlackElo "2178"]
[PlyCount "48"]
[EventDate "2011.??.??"]
[WhiteTeam "SV 1947 Wendlingen"]
[BlackTeam "SK Schmiden/Cannstatt"]

1. c4 Nf6 2. Nc3 c5 3. Nf3 b6 4. d4 cxd4 5. Nxd4 Bb7 6. f3 d6 7. Bg5 a6 8. e4
e6 9. Bd3 Be7 10. Qa4+ Qd7 11. O-O O-O 12. Rad1 Qc7 13. Qc2 Nbd7 14. b3 Rac8
15. a4 Rfe8 16. Be3 Ne5 17. Be2 d5 18. exd5 exd5 19. Bf4 Nh5 20. Bxe5 Qxe5 21.
Nf5 Bb4 22. f4 Nxf4 23. Bg4 dxc4 24. Rd7 Bc5+ 0-1

[Event "?"]
[Site "?"]
[Date "2011.06.03"]
[Round "3.21"]
[White "Fahnenschmidt, Gerhard"]
[Black "Montigel, Philipp"]
[Result "1/2-1/2"]
[WhiteElo "2014"]
[BlackElo "2176"]
[PlyCount "115"]
[EventDate "2011.??.??"]
[WhiteTeam "VfL Sindelfingen"]
[BlackTeam "SV Stuttgart-Wolfbusch 1956 e.V."]

1. c4 f5 2. Nc3 Nf6 3. d4 g6 4. f3 d6 5. e4 e5 6. dxe5 dxe5 7. Qxd8+ Kxd8 8.
Bg5 Be7 9. O-O-O+ Ke8 10. exf5 gxf5 11. c5 Be6 12. Bd3 Nd5 13. Bd2 Nd7 14. Nxd5
Bxd5 15. Bxf5 Nxc5 16. Bc3 Rd8 17. Bxe5 Rf8 18. Bxh7 Bg5+ 19. Kc2 Bxa2 20.
Rxd8+ Kxd8 21. Nh3 Bb3+ 22. Kc3 Bf6 23. Re1 Be6 24. Bxf6+ Rxf6 25. Ng5 Bd7 26.
b4 Na4+ 27. Kb3 c5 28. bxc5 Nxc5+ 29. Kc4 Rc6 30. Kd5 Na6 31. Nf7+ Kc7 32. Re7
Nb4+ 33. Kd4 Kc8 34. Ne5 Rh6 35. Rxd7 Nc6+ 36. Nxc6 Kxd7 37. Ne5+ Ke6 38. Bg8+
Kf5 39. Bd5 Rxh2 40. g4+ Kf6 41. Bxb7 a5 42. Bc6 Ra2 43. f4 a4 44. Ke4 Re2+ 45.
Kf3 a3 46. g5+ Ke6 47. g6 Kf6 48. Kxe2 a2 49. Be4 a1=Q 50. Ng4+ Kg7 51. f5 Qb2+
52. Kf3 Qc3+ 53. Kf4 Qd2+ 54. Ke5 Qc3+ 55. Kf4 Qd2+ 56. Kf3 Qd1+ 57. Kg3 Qe1+
58. Kf4 1/2-1/2

[Event "?"]
[Site "?"]
[Date "2011.06.03"]
[Round "3.22"]
[White "Dorst, Johannes"]
[Black "Lebeda, Timo"]
[Result "0-1"]
[WhiteElo "2162"]
[BlackElo "2013"]
[PlyCount "124"]
[EventDate "2011.??.??"]

1. e4 c5 2. Nc3 d6 3. Nge2 g6 4. d4 cxd4 5. Nxd4 Bg7 6. Be3 Nc6 7. Qd2 Nf6 8.
f3 O-O 9. O-O-O a6 10. h4 h5 11. Nxc6 bxc6 12. e5 Nd5 13. Bh6 Nxc3 14. Bxg7
Nxa2+ 15. Kb1 Kxg7 16. Bc4 Qb6 17. Bxa2 dxe5 18. g4 Rh8 19. Qc3 Qc7 20. f4 Bxg4
21. Rde1 e6 22. Rhf1 Rhd8 23. Bb3 Bf5 24. fxe5 a5 25. Ba4 c5 26. Rf4 Rab8 27.
Rxf5 exf5 28. e6+ f6 29. e7 Rd4 30. e8=Q Rxe8 31. Bxe8 Rxh4 32. Re6 Rd4 33. Qb3
Qd8 34. Bc6 Rb4 35. Qf3 f4 36. Bd5 Rd4 37. c4 Qd7 38. Qb3 g5 39. Qc2 g4 40. b3
Qf7 41. Kb2 f3 42. Re5 Qg6 43. Re7+ Kh6 44. Be4 Rxe4 45. Rxe4 g3 46. Qd2+ Qg5
47. Rf4 f5 48. Qd6+ Qg6 49. Qxc5 f2 50. Qe3 Kh7 51. Rxf2 gxf2 52. Qxf2 Qf6+ 53.
Kc2 f4 54. Qa7+ Kg6 55. Qxa5 f3 56. Qe1 f2 57. Qf1 Qf3 58. Kd2 h4 59. c5 h3 60.
c6 h2 61. c7 h1=Q 62. Qa6+ Kg5 0-1

[Event "?"]
[Site "?"]
[Date "2011.06.03"]
[Round "3.23"]
[White "Yin, Stanley"]
[Black "Weidel, Albrecht"]
[Result "0-1"]
[WhiteElo "1990"]
[BlackElo "2154"]
[PlyCount "84"]
[EventDate "2011.??.??"]

1. c4 e5 2. Nc3 Nf6 3. g3 Nc6 4. Bg2 Bc5 5. e3 O-O 6. Nge2 Qe8 7. O-O d6 8. a3
a5 9. d4 Bb6 10. h3 h6 11. b3 Bf5 12. Ra2 Qc8 13. Kh2 Bg6 14. Na4 Ba7 15. c5
Be4 16. d5 Bxg2 17. Kxg2 Ne7 18. cxd6 cxd6 19. Nec3 Qf5 20. Nb5 Rfd8 21. Nac3
Bc5 22. f3 Qg6 23. e4 Nh5 24. g4 Nf4+ 25. Bxf4 exf4 26. Qd3 Qf6 27. Kh2 Ng6 28.
Na4 Be3 29. Qc3 Ne5 30. Qc7 Rd7 31. Qc3 h5 32. gxh5 Qh4 33. Rg2 Qxh5 34. Nd4
Kh7 35. Nf5 f6 36. Nxe3 Nxf3+ 37. Rxf3 Qxf3 38. Nb6 fxe3 39. Nxd7 Qxe4 40. Qxf6
Qxg2+ 41. Kxg2 gxf6 42. Nxf6+ Kg6 0-1

[Event "?"]
[Site "?"]
[Date "2011.06.03"]
[Round "3.24"]
[White "Scheeff, Volker"]
[Black "Stierle, Martin"]
[Result "1-0"]
[WhiteElo "2149"]
[BlackElo "1977"]
[PlyCount "21"]
[EventDate "2011.??.??"]
[WhiteTeam "SK Schmiden/Cannstatt"]
[BlackTeam "SG Donautal Tuttlingen"]

1. e4 e6 2. d4 d5 3. Nc3 Nc6 4. Nf3 Nf6 5. e5 Ne4 6. Ne2 f6 7. Ng3 Be7 8. Bd3
f5 9. c3 Bd7 10. Nf1 Ng5 11. Nxg5 1-0

[Event "?"]
[Site "?"]
[Date "2011.06.03"]
[Round "3.25"]
[White "Kreiter, Thomas"]
[Black "Bräunlin, Klaus"]
[Result "0-1"]
[WhiteElo "1962"]
[BlackElo "2147"]
[PlyCount "110"]
[EventDate "2011.??.??"]

1. d4 Nf6 2. Nf3 e6 3. e3 d5 4. Nbd2 Be7 5. Bd3 O-O 6. O-O Nbd7 7. Re1 Re8 8.
e4 dxe4 9. Nxe4 Nxe4 10. Bxe4 Nf6 11. Bd3 b6 12. Ne5 Bb7 13. c3 Qd5 14. f3 c5
15. Bc4 Qd8 16. Qe2 Bd5 17. Bb5 Rf8 18. Bg5 Qc7 19. Kh1 Rad8 20. Red1 Bb7 21.
Bf4 Nh5 22. Be3 f6 23. Nd3 cxd4 24. cxd4 Bd6 25. Rac1 Qb8 26. Bg1 Bd5 27. Bc4
Rfe8 28. g4 Nf4 29. Nxf4 Bxf4 30. Rc3 Qd6 31. Be3 Bxe3 32. Rxe3 Kf8 33. Bxd5
Qxd5 34. Re1 Rd6 35. Qa6 Rd7 36. Qe2 Qxa2 37. Qb5 Qd5 38. Qxd5 Rxd5 39. Ra3 Re7
40. Ra4 Kf7 41. Rea1 a5 42. b4 Ra7 43. bxa5 Raxa5 44. Rxa5 bxa5 45. Kg1 h5 46.
h3 Rb5 47. Kf2 h4 48. Ra2 Ke7 49. Ke3 Kd6 50. Ke4 g5 51. Ra3 Kc6 52. Rc3+ Kb7
53. f4 gxf4 54. Kxf4 Rb4 55. Ke3 a4 0-1

[Event "?"]
[Site "?"]
[Date "2011.06.03"]
[Round "3.26"]
[White "Demel, Paul"]
[Black "Schnepel, Thomas"]
[Result "1-0"]
[WhiteElo "2140"]
[BlackElo "1964"]
[PlyCount "65"]
[EventDate "2011.??.??"]

1. e4 c5 2. Nf3 Nc6 3. d4 cxd4 4. Nxd4 Nf6 5. Nc3 e5 6. Ndb5 d6 7. Bg5 a6 8.
Na3 b5 9. Bxf6 gxf6 10. Nd5 f5 11. c3 Bg7 12. exf5 Bxf5 13. Nc2 O-O 14. Nce3
Be6 15. Bd3 f5 16. Qh5 e4 17. Bc2 Ne7 18. Nf4 Bf7 19. Qh3 Ng6 20. Nh5 Be6 21.
O-O Qg5 22. Bxe4 Rae8 23. f4 Qe7 24. Bxf5 Bxf5 25. Nxf5 Qa7+ 26. Kh1 Bf6 27.
Nh6+ Kh8 28. Ng4 Bd8 29. f5 Ne5 30. f6 Nf7 31. Nf4 Kg8 32. Qg3 Ng5 33. Nh6+ 1-0

[Event "?"]
[Site "?"]
[Date "2011.06.03"]
[Round "3.27"]
[White "Zeh, Rolf"]
[Black "Prestel, Oliver"]
[Result "0-1"]
[WhiteElo "1953"]
[BlackElo "2140"]
[PlyCount "164"]
[EventDate "2011.??.??"]

1. d4 c5 2. d5 Nf6 3. c4 b5 4. cxb5 a6 5. bxa6 Bxa6 6. Nc3 g6 7. Nf3 Bg7 8. g3
d6 9. Bg2 O-O 10. O-O Nbd7 11. Re1 Qc7 12. Rb1 Rfb8 13. Qc2 Ng4 14. Bg5 Kf8 15.
Qd2 Nge5 16. Nxe5 Bxe5 17. Bh6+ Kg8 18. Bf4 Bh8 19. Rec1 Rb4 20. Qe3 Nb6 21. b3
Bb7 22. a4 Bxc3 23. Qxc3 Qd7 24. Bh6 f6 25. Rd1 Qf5 26. Qe3 Re8 27. Qf3 Bc8 28.
e4 Qxf3 29. Bxf3 g5 30. Re1 Ba6 31. Re3 Kh8 32. Bh5 Rb8 33. f4 gxf4 34. gxf4
Rg8+ 35. Kf2 c4 36. Bf7 Rg4 37. Rg1 Rxg1 38. Kxg1 Rxb3 39. Re2 Rb1+ 40. Kf2 c3
41. Re1 c2 42. f5 Rxe1 43. Kxe1 Nxa4 44. Kd2 Nc5 45. Kxc2 Bd3+ 46. Kd2 Bxe4 47.
Bf8 Bxf5 48. Bxe7 Kg7 49. Be8 Bb1 50. Ke3 Ne4 51. Kf4 Nc3 52. Bc6 Ne4 53. Bd7
Kf7 54. Bd8 Nc5 55. Bf5 Ba2 56. Be4 h6 57. h4 Bc4 58. Ke3 Bb3 59. Kf4 Bd1 60.
Ke3 Bg4 61. Kf4 Bh3 62. Bf3 Kg6 63. Bc7 Nb7 64. Kg3 Bf1 65. Kf4 f5 66. h5+ Kf6
67. Bb8 Bd3 68. Ba7 Nc5 69. Ke3 Bf1 70. Kf2 Bc4 71. Ke3 Ke5 72. Bb8 Bxd5 73.
Bxd5 Kxd5 74. Kf4 Ke6 75. Bxd6 Nd3+ 76. Ke3 Kxd6 77. Kxd3 Kd5 78. Ke3 Ke5 79.
Kf3 f4 80. Ke2 Kf6 81. Kf2 Kf5 82. Kf3 Kg5 0-1